000 00413nam a2200169Ia 4500
008 240510s9999 xx 000 0 und d
041 _aEng
082 _a005.3
082 _bS37
245 0 _aWordstar Professional Release 5 : What's New
260 _bMicropro, San Rafael, CA
260 _c1988
300 _a541 p.
650 _aWordprocessing : Applications packages
942 _2ddc
942 _cLBK
999 _c23667
_d23667
945 _a1
_bMadushi Gamage
_c1
_dMadushi Gamage